000 00617nam a2200241Ia 4500
003 OSt
005 20221007074816.0
006 a|||||r|||| 00| 0
007 ta
008 221006b |||||||| |||| 00| 0 eng d
024 _a24,473
037 _cTextual
040 _aFLL
_cFLL
_beng
041 _2eng
_aeng
082 _aZ2,546, L9
100 _aThakur Upendra
245 0 _aCorruption in ancient India
250 _a1st
260 _aNew Delhi
_bAbhinav Publications
_c1979
300 _axvi,1-200p
_ccm.
942 _hZ2,546, L9
_cTEXL
_2CC
999 _c1153753
_d1153753